[Event "SVK-chT3A2 2122"]
[Site "Slovakia"]
[Date "2022.01.30"]
[Round "8.8"]
[White "Mizera, Roland"]
[Black "Dzivak, Jan"]
[Result "0-1"]
[WhiteElo "1000"]
[BlackElo "1388"]
[PlyCount "75"]
[EventDate "2021.10.10"]
[EventType "team-tourn"]
[EventRounds "11"]
[EventCountry "SVK"]
[SourceTitle "EXT 2023"]
[Source "ChessBase"]
[SourceDate "2022.10.05"]
[SourceVersion "1"]
[SourceVersionDate "2022.10.05"]
[SourceQuality "1"]
[WhiteTeam "Cifer II"]
[BlackTeam "Trnava Lokomotiva"]
[WhiteTeamCountry "SVK"]
[BlackTeamCountry "SVK"]

1. e4 c5 2. Nf3 Nc6 3. Bb5 d6 4. Bxc6+ bxc6 5. c4 Nf6 6. Nc3 g6 7. h3 Bg7 8. d3 0-0 9. 0-0 Qc7 10. Bf4 e5 11. Qd2 exf4 12. Qxf4 Be6 13. Rad1 Qd7 14. Qh2 d5 15. e5 Ne8 16. b3 d4 17. Ne4 Bf5 18. Nxc5 Qe7 19. b4 a5 20. a3 axb4 21. axb4 Nc7 22. Rfe1 Ne6 23. Nxe6 fxe6 24. Nxd4 Qxb4 25. g4 Qc5 26. Nb3 Qa3 27. gxf5 Qxb3 28. f6 Bh6 29. f4 Rfd8 30. Qg3 Ra3 31. Qh4 Bf8 32. f7+ Kxf7 33. Qxd8 Be7 34. Qd4 Qb4 35. Kh1 Ra2 36. Rf1 c5 37. Qg1 Qb7+ 38. Qg2 0-1

[Event "SVK-chT3A2 2122"]
[Site "Slovakia"]
[Date "2021.11.07"]
[Round "3.7"]
[White "Visvader, Kristof"]
[Black "Dzivak, Jan"]
[Result "1-0"]
[WhiteElo "1475"]
[BlackElo "1407"]
[PlyCount "67"]
[EventDate "2021.10.10"]
[EventType "team-tourn"]
[EventRounds "11"]
[EventCountry "SVK"]
[SourceTitle "EXT 2023"]
[Source "ChessBase"]
[SourceDate "2022.10.05"]
[SourceVersion "1"]
[SourceVersionDate "2022.10.05"]
[SourceQuality "1"]
[WhiteTeam "Senica CVC"]
[BlackTeam "Trnava Lokomotiva"]
[WhiteTeamCountry "SVK"]
[BlackTeamCountry "SVK"]

1. e4 c5 2. Nf3 Nc6 3. d4 cxd4 4. Nxd4 Nxd4 5. Qxd4 d6 6. Nc3 Nf6 7. Bc4 g6 8. 0-0 Bg7 9. Bg5 b6 10. Nd5 0-0 11. Bxf6 exf6 12. c3 f5 13. Qd3 Qh4 14. f4 fxe4 15. Qxe4 Bd7 16. g3 Qh5 17. Be2 Qh3 18. Qg2 Qxg2+ 19. Kxg2 Rae8 20. Bf3 Bc6 21. Rfe1 Kh8 22. Kf2 Bxd5 23. Bxd5 f6 24. Rad1 g5 25. f5 Re5 26. Be6 Rd8 27. Rxe5 fxe5 28. g4 h6 29. Ke3 h5 30. h3 hxg4 31. hxg4 Bf6 32. Rh1+ Kg7 33. Ke4 Rc8 34. Bxc8 1-0